| 000 | 01528nam0a2200349 4500 | ||
|---|---|---|---|
| 001 | RU\NLR\BIBL_A\011361867 | ||
| 005 | 20260406141116.0 | ||
| 010 |
_a9785905901348 _91000 |
||
| 021 |
_aRU _b2017-15844 _91173 |
||
| 035 | _a(RuMoRGB)008816936 | ||
| 035 | _a(NLR Aleph) 011361867 | ||
| 090 |
_a11302653 _c11302653 |
||
| 100 | _a20170405d2017 k y0rusy50 ca | ||
| 101 | 0 | _arus | |
| 102 | _aRU | ||
| 105 | _aac zzzz0011zd | ||
| 200 | 1 |
_aЛетопись жизни и творчества Александра Сергеевича Грибоедова, 1790-1829 _fсоставитель: Н. А. Тархова |
|
| 210 |
_aМосква _cМинувшее _d2017 _d[т. е. 2016] |
||
| 215 |
_a602, [2] с. _cил., портр. _d23 |
||
| 300 | _aКн. фактически изд. в 2016 г. | ||
| 320 | _aБиблиогр. в тексте | ||
| 320 | _aУказатели: с. 490-567 | ||
| 600 | 1 |
_aГрибоедов _bА.С. _f1795 - 1829 _gАлександр Сергеевич _xБиография _9947984 _3RU\NLR\AUTH\66351859 |
|
| 686 |
_aШ5(2=Р)51-4Грибоедов А.С.2я2 _2rubbk |
||
| 686 | 2 | _aШ5(2=Р)51-4Грибоедов2 | |
| 702 | 1 |
_4570 _7ca _8rus _aГрибоедов _bА. С. _f1795-1829 _gАлександр Сергеевич _9113290 _3RU\NLR\AUTH\773285 |
|
| 702 | 1 |
_aТархова _bН. А. _gНадежда Александровна _4220 |
|
| 942 | _cBOOK | ||
| 980 | _aNBR | ||